000 00450nam a2200181Ia 4500
008 230524s9999 xx 000 0 und d
020 _a9788126542734
082 _a621.4022
_bINC
100 _aFrank P. Incropera
245 0 _aPrinciples of Heat and Mass Transfer
250 _a7
260 _aNew Delhi
_bWILEY
_c2013
300 _a1048p;
500 _aQuantity Number: 10
650 _aMechanics
700 _aDavid P. Dewitt
942 _cBK
999 _c53939
_d53939